| 000 | 00823cam a22002653a 4500 | ||
|---|---|---|---|
| 001 | 4706 | ||
| 003 | PGUSA | ||
| 005 | 20140828083105.0 | ||
| 008 | 031201s2003||||xxu|||||s|||||000 1 eng d | ||
| 040 |
_aPGUSA _beng |
||
| 042 | _adc | ||
| 050 | 4 | _aPG | |
| 100 | 1 |
_aKuprin, A. I. _q(Aleksandr Ivanovich), _d1870-1938 |
|
| 245 | 1 | 0 |
_aYama = The Pit, a Novel in Three Parts _h[electronic resource] / _cA. I. Kuprin |
| 260 |
_bProject Gutenberg, _c2003 |
||
| 506 | _aPublic domain in the USA. | ||
| 516 | _aElectronic text | ||
| 653 | _aProstitutes -- Russia -- Fiction | ||
| 653 | _aRussia -- Fiction | ||
| 653 | _aRussian fiction -- Translations into English | ||
| 700 | 1 |
_aGuerney, Bernard Guilbert, _d1894-1979 |
|
| 830 | 0 |
_aProject Gutenberg _v4706 |
|
| 856 | 4 | 0 | _uhttp://www.gutenberg.org/ebooks/4706 |
| 942 | _cEB | ||
| 999 |
_c234035 _d234035 |
||